LEADER 01719nam a2200337 u 4500 001 000000018399 003 CaOOAMICUS 005 20070226110654.0 008 950313m1967 fr u000 u fre u 035 $a10434068 040 $aPUL(R)$bita 041 1 $afre$alat 100 0 $aIsaac,$cabate di Etoile,$dm. c. 1169.$0(OLS)http://pul/name/16375 240 10$aSermones$9(Isaac, abate di Etoile, m. c. 1169).$lFrancese e latino.$0(OLS)http://pul/title/26210 245 10$aSermons /$cIsaac de l'Etoile ; texte et introduction critiques par Anselm Hoste ... ; introduction, traduction et notes par Gaston Salet, S.J. .. 260 $aParis :$bCerf,$c1967- 300 $av. ;$c20 cm 490 1 $aSouces chrétiennes, n. 130, 207. Série des textes monastique d'Occident ;$v20, 44 500 $aTesto latino con trad. francese a fronte. 500 $at. II in collaborazione con Gaetano Raciti. 505 0 $at. I. [Sermons 1-17]. -- t. II. [Sermons 18-39]. -- v. III. [Sermons 40-55]. 700 1 $aRaciti, Gaetano,$cO.S.B.$0(OLS)http://pul/name/1983 700 1 $aSalet, Gaston,$cS.I.$0(OLS)http://pul/name/1902 700 1 $aHoste, Anselm,$cO.S.B.,$d1930-$0(OLS)http://pul/name/3910 830 0$aSources chrétiennes ;$v130, 207, 339.$0(OLS)http://pul/title/45 830 0$aSources chrétiennes.$pSérie des textes monastiques d'Occident ;$v20, 44.$0(OLS)http://pul/title/2596 850 $aPUL 852 $aPUL$W1$xSL Religione 2$y84$mTheol E3 130.207.339$j25928$nBK-PRI$b $qStampati altre collocazioni$B25928$CPULBib$Z2$F25928 $H $81 941 1 $a10 996 $6245$aSermons$9(OLS)http://pul/title/9195 996 $6260$aParis :$bCerf$9(OLS)http://pul/publisher/48238 LEADER 01426nam a2200337 u 4500 001 000000061145 003 CaOOAMICUS 005 20070226121007.0 008 010903s1992 gw u000 u ger u 020 $a3451021404 035 $a10900967 040 $aPUL(R)$bita 100 1 $aDohmen, Christoph.$0(OLS)http://pul/name/41735 245 10$aNeue Formen der Schriftauslegung? /$cChristoph Dohmen, Christoph Jacob, Thomas Söding ; hrsg. von Thomas Sternberg. 260 $aFreiburg :$bHerder,$c1992. 300 $a168 p. ;$c22 cm 490 1 $aQuaestiones disputatae ;$v140 500 $aComprende indice. 504 $aBibliografia in nota. 650 4$aErmeneutica.$0(OLS)http://pul/subject/438 700 1 $aSternberg, Thomas,$d1952-$0(OLS)http://pul/name/41738 700 1 $aSöding, Thomas.$0(OLS)http://pul/name/34850 700 1 $aJacob, Christoph,$d1958-$0(OLS)http://pul/name/41737 830 0$aQuaestiones disputatae (Herder) ;$v140.$0(OLS)http://pul/title/18243 850 $aPUL 852 $aPUL$W1$xSL Religione 2$y84$mTheol A6 140$j79720$nBK-PRI$b $qStampati altre collocazioni$B79720$CPULBib$Z2$F79720 $H $81 941 1 $a10 961 $aINV: 70045 996 $6020$a3451021404$9(OLS)http://pul/number/79188 996 $6245$aNeue Formen der Schriftauslegung?$9(OLS)http://pul/title/81655 996 $6260$aFreiburg :$bHerder$9(OLS)http://pul/publisher/48354